[Event "CAN-ch U10"]
[Site "Sault Ste Marie"]
[Date "2017.07.10"]
[Round "7.83"]
[White "Ning, Eric"]
[Black "Borysenko, Andrii"]
[Result "0-1"]
[WhiteElo "1922"]
[BlackElo "1425"]
[PlyCount "154"]
[EventDate "2017.07.06"]
[EventType "swiss"]
[EventRounds "7"]
[EventCountry "CAN"]
[SourceTitle "EXT 2022"]
[Source "ChessBase"]
[SourceDate "2021.10.06"]
[SourceVersion "1"]
[SourceVersionDate "2021.10.06"]
[SourceQuality "1"]

1. d4 Nf6 2. c4 e6 3. Nf3 b6 4. a3 Bb7 5. Nc3 Be7 6. d5 Bc5 7. b4 Be7 8. e4 0-0 9. Bd3 d6 10. 0-0 e5 11. Ne1 Nfd7 12. g3 Bf6 13. Bd2 a5 14. Ng2 Bc8 15. Qc2 axb4 16. axb4 Na6 17. Ne2 Bb7 18. Bc3 Re8 19. f4 Qe7 20. f5 g6 21. fxg6 hxg6 22. h4 Nf8 23. Rf3 Nxb4 24. Qd2 Rxa1+ 25. Bxa1 Nxd3 26. Qxd3 Nd7 27. Bc3 Nc5 28. Qc2 Bc8 29. Be1 Bg7 30. Ne3 Bh6 31. Bf2 f5 32. Ng2 Nxe4 33. Be3 Bxe3+ 34. Nxe3 Nf6 35. Rf2 Qg7 36. Qc1 Bd7 37. Qa3 Qh6 38. Ng2 Ng4 39. Rf1 Qd2 40. Re1 Qc2 41. Qb4 Qa4 42. Qc3 Ra8 43. Qc1 Qa7 44. Qg5 Be8 45. h5 b5+ 46. Kh1 Nf2+ 47. Kh2 Kh7 48. Qe7+ Kg8 49. Qg5 Ne4 50. Qh6 Nf6 51. Qg5 Nxh5 52. Rf1 Ng7 53. Ne3 Qa2 54. Rf2 Qd2 55. Qh6 Qe1 56. Kg2 Ra2 57. Kf3 e4+ 58. Kf4 Qxf2+ 59. Kg5 Qxe3+ 60. Nf4 Qxg3+ 61. Kf6 Qc3+ 62. Ke7 Qe5+ 63. Ne6 Nxe6 64. dxe6 Qg7+ 65. Qxg7+ Kxg7 66. cxb5 e3 67. b6 cxb6 68. Kxe8 e2 69. e7 Ra8+ 70. Kd7 e1Q 71. Kc6 Qxe7 72. Kd5 Ra5+ 73. Kc4 Qe4+ 74. Kb3 Rd5 75. Kc3 Rd3+ 76. Kc2 Qe2+ 77. Kc1 Rd1# 0-1

[Event "CAN-ch U10"]
[Site "Sault Ste Marie"]
[Date "2017.07.08"]
[Round "5"]
[White "Borysenko, Andrii"]
[Black "Beliveau, Mathieu"]
[Result "1-0"]
[WhiteElo "1425"]
[BlackElo "1097"]
[PlyCount "79"]
[EventDate "2017.07.06"]
[EventType "swiss"]
[EventRounds "7"]
[EventCountry "CAN"]
[SourceTitle "EXT 2022"]
[Source "ChessBase"]
[SourceDate "2021.10.06"]
[SourceVersion "1"]
[SourceVersionDate "2021.10.06"]
[SourceQuality "1"]

1. d4 Nf6 2. c4 g6 3. Nc3 Bg7 4. e4 d6 5. f3 0-0 6. Be3 e5 7. d5 Na6 8. Nge2 Nd7 9. Qd2 Nac5 10. 0-0-0 f5 11. Kb1 fxe4 12. fxe4 b6 13. g3 Ba6 14. b4 Rb8 15. Kc1 Bxc4 16. bxc5 bxc5 17. Qc2 Rb4 18. Kd2 Qb8 19. Ke1 Rb2 20. Qa4 Bb5 21. Nxb5 Qxb5 22. Qxb5 Rxb5 23. Nc3 Rb2 24. Rb1 Rc2 25. Bd2 Rf3 26. Be2 Rfxc3 27. Bxc3 Rxc3 28. Rf1 Nf6 29. g4 Nxe4 30. Rb8+ Bf8 31. Rfxf8+ Kg7 32. Rg8+ Kh6 33. h4 Rc1+ 34. Bd1 g5 35. hxg5+ Nxg5 36. Rbf8 Ne4 37. Rf5 Rxd1+ 38. Kxd1 Nf2+ 39. Rxf2 e4 40. Rh2# 1-0

[Event "CAN-ch U10"]
[Site "Sault Ste Marie"]
[Date "2017.07.07"]
[Round "3"]
[White "Borysenko, Andrii"]
[Black "Zhong, Kevin"]
[Result "0-1"]
[WhiteElo "1425"]
[BlackElo "1810"]
[PlyCount "84"]
[EventDate "2017.07.06"]
[EventType "swiss"]
[EventRounds "7"]
[EventCountry "CAN"]
[SourceTitle "EXT 2022"]
[Source "ChessBase"]
[SourceDate "2021.10.06"]
[SourceVersion "1"]
[SourceVersionDate "2021.10.06"]
[SourceQuality "1"]

1. d4 d5 2. Nf3 Nf6 3. Bf4 c5 4. e3 Nc6 5. Nbd2 Qb6 6. dxc5 Qxb2 7. Be2 e6 8. 0-0 Be7 9. Nb3 0-0 10. Qd2 Ne4 11. Qd1 Qf6 12. Bd3 e5 13. Bxe4 dxe4 14. Bg5 Qg6 15. Bxe7 exf3 16. Qxf3 Nxe7 17. Kh1 Bf5 18. c3 Be4 19. Qg3 Qxg3 20. hxg3 Rac8 21. Rfd1 Rfd8 22. Na5 f6 23. f3 Bc6 24. Nxc6 bxc6 25. Kh2 Rd5 26. e4 Rxc5 27. Rd7 Kf8 28. Rb1 Rb5 29. Rbd1 Ra5 30. R1d2 Ke8 31. Rb7 Rd8 32. Rdb2 Rd7 33. Rb8+ Kf7 34. Ra8 Rc5 35. Rb3 Rb5 36. Rxb5 cxb5 37. Rb8 a6 38. Ra8 Rd6 39. Ra7 Rc6 40. g4 Ke8 41. Ra8+ Nc8 42. Kg3 Kd7 0-1